000 00745nam a2200253 i 4500
001 15403
003 ES-MaACL
005 20230906151050.0
007 t|
008 000302s1999 sp ||||1| spa d
020 _a84-7765-169-8
080 _a929 Arbus, Diana
100 1 _aBosworth, Patricia.
_930732
245 1 0 _aDiane Arbus
_b: una biografía /
_cPatricia Bosworth ; traducción de Beatriz López-Buisán.
250 _a1ª ed.
260 _aBarcelona :
_bCirce,
_c1999.
300 _a352 p. ;
_c24 cm.
490 1 _aBiografía Circe
600 1 4 _aArbus, Diane.
_922427
700 1 _aLópez-Buisán, Beatriz.
_973472
830 0 _aBiografía Circe
_9178398
852 _aES-MaACL
_jL-22494
_bR.127917
999 _c15403
_d15403